LEADER 01610nam--2200445---450- 001 990000517500203316 005 20090609154112.0 010 $a88-14-01266-0 035 $a0051750 035 $aUSA010051750 035 $a(ALEPH)000051750USA01 035 $a0051750 100 $a20010620d1987----km-y0itay0103----ba 101 $aita 102 $aIT 105 $a||||||||001yy 200 1 $a<> diritto amministrativo degli anni 80$eatti del 30. Convegno di studi di scienza dell'amministrazione$epromosso dalla Amministrazione provinciale di Como$eVarenna, Villa Monastero, 20-22 settembre 1984$fCentro studi amministrativi della Provincia di Como 210 $aMilano$cA. Giuffrè$d1987 215 $a462 p.$d26 cm 410 $12001 461 1$1001-------$12001 606 0 $aDiritto amministrativo$xCongressi$z1984 606 0 $aCongressi$yVarenna$z1984 676 $a342.45 710 12$aConvegno di studi di scienza dell'amministrazione <30. ; 1984 ; Varenna>$0405093 712 01$aComo : Centro studi amministrativi 801 0$aIT$bsalbc$gISBD 912 $a990000517500203316 951 $aXXIV.3.C 41 (IG V 385)$b64090 EC$cXXIV.3.C 41 (IG V)$d00231824 959 $aBK 969 $aECO 969 $aGIU 979 $aPATTY$b90$c20010620$lUSA01$h1123 979 $aPATTY$b90$c20010620$lUSA01$h1134 979 $aPATTY$b90$c20010907$lUSA01$h1022 979 $c20020403$lUSA01$h1700 979 $aPATRY$b90$c20040406$lUSA01$h1636 979 $aRSIAV1$b90$c20090609$lUSA01$h1541 996 $aDiritto amministrativo degli anni ?80$961955 997 $aUNISA LEADER 01795nas 2200625- 450 001 9910413958603321 005 20240912213021.0 011 $a2516-712X 035 $a(OCoLC)1135562136 035 $a(CKB)4100000008948802 035 $a(CONSER)--2020243261 035 $a(DE-599)ZDB3025002-X 035 $a(EXLCZ)994100000008948802 100 $a20191221a20209999 o-- - 101 0 $aeng 135 $aur||||||||||| 181 $ctxt$2rdacontent 182 $cc$2rdamedia 183 $acr$2rdacarrier 200 00$aExperimental Results 210 1$aCambridge :$cCambridge University Press,$d[2020]- 215 $a1 online resource 300 $aRefereed/Peer-reviewed 531 10$aExp Results 606 $aScience$xExperiments$vPeriodicals 606 $aScience$xMethodology$vPeriodicals 606 $aResearch 606 $aBiological Science Disciplines 606 $aTechnology 606 $aEngineering 606 $aScience$xExperiments$2fast$3(OCoLC)fst01108230 606 $aScience$xMethodology$2fast$3(OCoLC)fst01108313 606 $aInvestigació$2thub 606 $aCiència$2thub 606 $aTecnologia$2thub 606 $aMedicina$2thub 608 $aPeriodicals$2fast 608 $aRevistes electròniques.$2thub 615 0$aScience$xExperiments 615 0$aScience$xMethodology 615 12$aResearch. 615 22$aBiological Science Disciplines. 615 22$aTechnology. 615 22$aEngineering. 615 7$aScience$xExperiments 615 7$aScience$xMethodology 615 7$aInvestigació. 615 7$aCiència. 615 7$aTecnologia. 615 7$aMedicina. 676 $a507.24 906 $aJOURNAL 912 $a9910413958603321 996 $aExperimental Results$91897810 997 $aUNINA